[Event "Turnier 40 / 120"]
[Site "Wien"]
[Date "2024.09.21"]
[Round "1"]
[White "Fidelity Designer 2325"]
[Black "Mephisto Berlin 68000"]
[Result "1-0"]
[BlackElo "2128"]
[WhiteElo "2114"]

{Analyse: ----> Stockfish 16} 1. g3 {Buchende} d5 2. Nf3 Nf6 3. Bg2
{Fidelity Designer 2325 wieder im Buch} c6 {Buchende} 4. O-O Bg4
{Buchbewertung Mephisto Berlin 68000: -0,03} 5. d3 Nbd7 6. Nbd2 {Buchende}
e5 7. d4? {Buchbewertung Fidelity Designer 2325: -0,13 / ein schwacher
erster berechneter Zug, zwar noch keine Katastrophe aber es gibt jede Menge
bessere Züge, die zum Stellungsausgleich führen, z.B c4, e4, h3,..,
Stockfish -0,50} e4 8. Ne1 Be7 9. f3 exf3 10. exf3 Bf5 11. Nb3 O-O 12. Bf4
Bg6 13. Nd3 Nh5 14. Be3 Bd6 15. Qd2 Re8 16. Rae1 Qc7 17. c3 Nb6 18. Na5
Rac8 {besser ist Sa4, die Stellung ist im Lot} 19. Nc5 Bxc5 20. dxc5 Nd7?
{klar zu bevorzugen ist Sc4 mit Ausgleich, Stockfish -0,80} 21. Nb3? {auch
nicht das Gelbe vom Ei, deutlich besser ist Lh3, Stockfish +0,30} Ne5 22.
Qd4 {besser ist Ld4, die Stellung ist im Lot} Nc4 23. Bc1 Bb1?? {ein ganz
schlechter Zug, danach ist Weiss bereits klar im Vorteil, Stockfish -1,50,
nötig ist Ta8 mit Ausgleich} 24. a3?? {verschenkt postwendend den gesamten
Vorteil, danach ist die Stellung wieder im Lot, nötig ist Lh3} Bc2 25. Nd2
{besser ist Sa1} b5 26. cxb6 Nxb6 27. c4 Nf6? {ein schlechter Zug, danach
ist Weiss klar im Vorteil, Stockfish -1,30, nötig ist c5 mit Ausgleich} 28.
cxd5? {so aber nicht, verspielt postwendend fast den gesamten Vorteil,
Stockfish +0,20, nötig ist Dc3, Lg6, c5} cxd5 {besser ist c5, Stockfish
-0,50} 29. b3 Re7? {ein schlechter Zug, danach ist Weiss wieder klar im
Vorteil, Stockfish -1,50, deutlich besser ist Sbd7} 30. Bb2 Rce8 31. Rc1
Re6 32. Bh3 Rc6 33. Rfe1 Rxe1+ 34. Rxe1 Qd6? {deutlich besser ist h6,
Stockfish -2,00} 35. Qe3? {ein schwacher Zug, klar zu bevorzugen ist De5,
Stockfish +1,30} h6? {auch nicht optimal, deutlich besser ist Lg6,
Stockfish -1,80} 36. Qe7? {ein schwacher Zug, klar zu bevorzugen ist Tc1,
Stockfish +1,00} a6??? {ein absoluter Verlustzug, danach ist die Partie
klar verloren, Stockfish -5,00, nötig ist d4} 37. Qxd6 Rxd6 38. Rc1 Bg6 39.
Be5 Rd8 40. Bc7 Rc8 41. Bxc8 Nxc8 42. Bd8 Na7 43. a4 Bf5 44. Rc7 Nc8 45.
Bxf6 gxf6 46. Rc6 {Rest geschenkt} 1-0
[/pgn]
[pgn]

[Event "Turnier 40 / 120"]
[Site "Wien"]
[Date "2024.09.21"]
[Round "2"]
[White "Mephisto Berlin 68000"]
[Black "Fidelity Designer 2325"]
[Result "0-1"]
[BlackElo "2114"]
[WhiteElo "2128"]

1. d4 Nc6 2. d5 Ne5 3. e4 {Buchende} e6 {Buchende} 4. dxe6 {Buchbewertung
Mephisto Berlin 68000: +0,21} fxe6? {Buchbewertung Fidelity Designer 2325:
-0,28 / ganz klar die falsche Schlagoption, deutlich besser ist dxe6,
Stockfish -0,80} 5. Be2 {besser ist Sc3, Stockfish +0,40} Nf6 6. Nf3 Nxf3+
7. Bxf3 d5 8. Bg5 Qd6? {ein schlechter Zug, danach ist Weiss im Vorteil,
Stockfish -1,00, natürlich Le7 mit nur minimalem Vorteil für Weiss} 9.
Bxf6? {so aber nicht, danach ist die Stellung wieder im Lot, nötig ist 0-0}
gxf6 10. Nc3 d4 11. Ne2 Qb4+?? {ein ganz schlechter Zug, danach ist Weiss
bereits klar im Vorteil, nötig ist entweder e5 oder c5, beides mit
Ausgleich, Stockfish -1,50} 12. c3 Qxb2?? {Verlustzug, danach ist die
Partie bereits klar verloren, Stockfish -2,70, nötig ist dxc3} 13. Bh5+ Ke7
14. cxd4? {ein schlechter Zug, der den Vorteil von Weiss mehr als halbiert,
Stockfish +1,20, nötig ist Tb1} Qb4+ 15. Kf1 Qb5 {besser ist Da5, Stockfish
-1,70} 16. Bf3 {besser ist g4, Stockfish +1,40} c6? {ein schlechter Zug,
danach ist die Partie zumindest lt. Stockfish bereits verloren, -2,30,
nötig ist Lh6} 17. Rb1 Qc4 18. Qd2 Rg8 {besser ist noch h5, Stockfish
-3,00} 19. Rc1? {ein schwacher Zug, der ca. 1 Bauerneinheit einbüsst,
Stockfish +2,00, nötig ist e5} Qb5 20. Ke1?? {ein grottenschlechter Zug,
der praktisch den gesamten Vorteil verspielt, Stockfish +0,30, nötig ist
g3} Bd7 {etwas besser ist e5, Stockfish -0,60} 21. Nc3 {besser ist Td1,
Stockfish +0,30} Qg5 22. Qxg5? {ein schlechter Zug, danach ist Schwarz im
Vorteil, nötig ist Db2 mit Ausgleich, Stockfish -1,20} Rxg5 23. Rb1 b6 24.
Kf1 {besser ist Ke2, Stockfish -1,50} Bh6 25. Rb2? {deutlich besser ist
Ke2, Stockfish -2,00} Rag8? {ein schlecher Zug, der den Vorteil von Schwarz
etwa halbiert, Stockfish +1,00, nötig ist Ta5} 26. Ke2 {besser ist g3,
Stockfish -1,50} Bc8 {besser ist Ta5, Stockfish +1,10} 27. g3?? {lt.
Stockfish bereits ein Verlustzug, -2,40, deutlich besser ist Thb1} Ba6+ 28.
Ke1 Rd8 29. Be2 Bb7 30. f4 Ra5 31. Kf2 {etwas besser ist noch Td2,
Stockfish -2,80} Rxd4 32. Rd1 c5 33. Rbd2 e5 34. Bg4? {deutlich besser ist
noch Lc4, Stockfish -3,60} Bc6 35. Bf5? {deutlich besser ist noch Td3,
Stockfish -4,40} Rxd2+ {besser ist Ta3, Stockfish +3,80} 36. Rxd2 exf4 37.
g4 {besser ist Td1, Stockfish -4,50} Ra3 38. Rc2? {deutlich besser ist noch
Td3, Stockfish -5,50} Bg7 {besser ist Lg5, Stockfish +4,30} 39. Nd5+ Bxd5
40. exd5 Kd6 41. Bxh7 Rh3 42. Be4 Rxh2+ 43. Kf3??? {es ist ohnehin
verloren, aber danach ist natürlich endgültig alles aus, Stockfish -7,50,
Weiss darf natürlich nicht den Turmtausch zulassen, deutlich mehr
Widerstand leistet Lg2} Rxc2 44. Bxc2 Kxd5 45. Kxf4 Bh6+ 46. Kf5 Bg5 47.
Bb3+ c4 48. Bc2 c3 49. Bb3+ Kd4 50. Bc2 Ke3 51. Ke6 Kd2 52. Be4 c2 53. Bxc2
Kxc2 {Rest geschenkt / Matt in 15} 0-1
[/pgn]
[pgn]
[pgn]

[Event "Turnier 40 / 120"]
[Site "Wien"]
[Date "2024.09.22"]
[Round "3"]
[White "Fidelity Designer 2325"]
[Black "Mephisto Berlin 68000"]
[Result "0-1"]
[BlackElo "2128"]
[WhiteElo "2114"]

{Analyse: -----> Stockfish 16} 1. e4 e5 2. d4 exd4 3. c3 dxc3 4. Bc4 cxb2
5. Bxb2 d5 6. Bxd5 {Buchende} Nf6 7. Bxf7+ {Buchbewertung Fidelity Designer
2325: +0,32} Kxf7 {Buchende} 8. Qxd8 Bb4+ {Buchbewertung Mephisto Berlin
68000: -0,42 / lt. Stockfish ist die Stellung etwa gleich} 9. Qd2 Bxd2+ 10.
Nxd2 Nc6 11. Ngf3 Re8 12. O-O Kg8 13. e5? {ein schlechter Zug, danach ist
Schwarz im Vorteil, Stockfish -1,00, nötig ist Sxf6 mit Ausgleich} Nd5 14.
Ne4? {ein schlechter Zug, danach ist Schwarz bereits klar im Vorteil,
Stockfish -1,80, nötig ist Sc4} Bf5? {ein schlechter Zug, der ca. 1
Bauerneinheit einbüsst, Stockfish +0,70, nötig ist Lg4} 15. Ng3 Bg4 16.
Rab1 Bxf3 17. gxf3 Ndb4 {besser ist b6, danach ist die Stellung im Lot,
Stockfish 0,00} 18. Rfe1 Nxa2 19. e6 Nab4 20. Rbd1?? {Verlustzug, Stockfish
-3,00, die nötige Fortsetzung ist aber klar eine Nummer zu groß
wahrscheinlich für jeden Oldie, Sh5, Sd3, Lxg7 !, damit würde Weiss die
Qualität opfern für Gegenspiel danach wäre die Stellung aber im Lot, nach
dem Textzug hat Schwarz 3 geschlossene Freibauern praktisch für nichts}
Rad8 21. Rb1 a5 22. Re4 Rd5 23. Bc3 Rd3 {besser ist b6, ändert aber auch
nichts an der klaren Gewinnstellung von Schwarz, Stockfish +2,50} 24. Bxb4
Nxb4? {ein schlechter Zug, der ca. 1 Bauerneinheit einbüsst, Stockfish
+1,50, deutlich besser ist axb4} 25. Kg2??? {ein absoluter Verlustzug,
danach ist alles aus, Stockfish -4,00, selbstverständlich f4} Rd2??? {so
aber nicht, ein völlig unverständlicher Zug, der ca. 3/4 des Vorteiles
verspielt, nötig ist natürlich Td6, danach geht der E-Bauer verloren und
Weiss verliert seinen letzten Trumpf, Stockfish +1,00} 26. Rc1??
{Verlustzug, danach ist die Partie wieder klar verloren, natürlich wieder
f4, Stockfish -3,00} c6 27. Nf1? {immer noch ist f4 klar zu bevorzugen,
Stockfish -4,00} Rxf2+ 28. Kxf2 Nd3+ 29. Ke3 Nxc1 30. Ng3 {immer noch ist
f4 klar zu bevorzugen, rettet aber hier auch nichts mehr, Stockfish -5,00}
Nb3 31. e7 g6 32. Re5 Kf7 33. Ne4 Rxe7 34. Nd6+ Kf8 35. Rxe7 Kxe7 36. Nc8+
{Rest geschenkt} 0-1
[/pgn]
[pgn]

[Event "Turnier 40 / 120"]
[Site "Wien"]
[Date "2024.09.21"]
[Round "4"]
[White "Mephisto Berlin 68000"]
[Black "Fidelity Designer 2325"]
[Result "0-1"]
[BlackElo "2114"]
[WhiteElo "2128"]

{Analyse: ----> Stockfish 16} 1. e4 e5 2. Nf3 Nc6 3. Bc4 Nf6 4. d3 Be7 5.
O-O O-O 6. c3 d6 7. Bb3 Na5 8. Bc2 {Buchende} c5 {Buchende} 9. Na3
{Buchbewertung Mephisto Berlin 68000: +0,36} Bg4 {Buchbewertung Fidelity
Designer 2325: +0,08 / lt. Stockfish steht Weiss minimal besser mit ca.
+0,20} 10. Be3 d5 11. h3 Bh5 12. g4?? {lt. Stockfish bereits ein
Verlustzug, -2,30, hier gewinnt, Sxg4, hxg4, Lxg4, Kg2, f5,.., aber das
wird wohl eine Nummer zu gross sein für Fidelity Designer 2325} dxe4?? {so
ist es dann auch, stellt die Partie komplett auf den Kopf, danach ist Weiss
bereits im Vorteil, büsst etwa 3 ganze Bauerneinheiten ein, Stockfish
-0,70} 13. dxe4 Bg6 14. Nxe5 Bxe4? {ein schlechter Zug, danach ist Weiss
bereits klar im Vorteil, Stockfish -1,40, deutlich besser ist Dxd1} 15.
Bxe4 Nxe4 16. Nd7?? {ein grottenschlechter Zug, der die Vorzeichen wieder
umkehrt, danach ist Schwarz im Vorteil, Stockfish -0,90 (büsst ca. 2,3
Bauerneinheiten ein), nötig ist Da4} Re8 17. Qa4??? {jetzt aber nicht mehr,
hier ein absoluter Verlustzug, Stockfish -3,50, nötig ist Se5} Bd6!
{richtig} 18. Nb5? {spätestens danach ist alles aus, weit besser ist noch
Tad1, Stockfish -5,00} Qxd7 19. Qxa5 Bb8 {besser ist Sg3, aber völlig
ausreichend, Stockfish +4,00} 20. Rfd1 Qe7 21. Rd5 a6 22. Na3 b5 23. Qb6
c4?? {ein grottenschlechter Zug, der den Grossteil des Vorteiles verspielt,
Stockfish +1,30, nötig ist Tc8 mit ca. +4,00} 24. Qc6 Bd6 25. Nc2 Qf6? {das
bringt gar nichts, danach ist die Stellung bereits im Lot, nötig ist h5}
26. Qd7 Rad8 27. Qf5 Qh4 28. Kg2 Bb8? {ein schlechter Zug, danach ist Weiss
bereits klar im Vorteil, Stockfish -1,00, nötig ist entweder g6 oder h6,
beides mit Ausgleich} 29. Rad1 Rxd5 {besser ist Td6, Stockfish -1,50} 30.
Rxd5 h6 31. Qd7? {eindeutig die falsche Figur, der Turm gehört nach d7,
Stockfish +0,50} Nf6 32. Qc6 Be5??? {ein absoluter Verlustzug, danach ist
die Partie klar verloren, verliert praktisch sofort eine ganze Figur nach
Se1, Sxd5, Dxe8+, Kh7, Dxe5 und alles ist aus, Stockfish -5,30} 33. Nd4??
{ein ganz schlechter Zug, der den Vorteil von Weiss fast halbiert, dennoch
steht Weiss klar auf Gewinn, Stockfish +2,80} Bxd4 34. Rxd4 Re6 35. Qb7?
{ein schwacher Zug, klar zu bevorzugen ist Dc8+, Stockfish +1,90} Ne8 36.
a4 Qe7?? {völliger Schwachsinn, danach ist die Partie bereits klar
verloren, Stockfish -3,30, nötig ist bxa4} 37. Rd7 Qf8 38. axb5 axb5 39.
Qxb5 {besser ist Td8, aber auch der Textzug gewinnt klar, Stockfish +3,00}
Nf6 40. Rc7 Qa8+ 41. Kh2 {besser ist Db7, aber auch nach dem Textzug steht
Weiss klar auf Gewinn, Stockfish +2,40} Qd8 42. Rxc4??? {ein
Katastrophenzug, danach ist die Partie, Remis, nach Txe3, fxe3, Dd2+ kommt
Weiss nicht mehr aus dem Schach, nötig ist Dxc4, Stockfish 0,00, Mephisto
Berlin 68000 rechnet sogar mit Txe3, sieht sich aber nach 11 Minuten
Bedenkzeit mit +1,63 im Vorteil} Nd5??? {Fidelity Designer 2325 hatte
diesen Zug von Mephisto Berlin erwartet und die 11 Minuten Bedenkzeit
richtig gepondert, dennoch verpasst er die Remischance und macht diesen
absoluten Verlustzug, danach ist die Partie wieder klar verloren, Stockfish
-4,00} 43. Bd2 Rb6 44. Qa5 Qb8+ 45. Kg1 Qb7 46. b4??? {ein Katastrophenzug,
der ganze 4 Bauerneinheiten einbüsst, danach ist Weiss nur noch hauchdünn
im Vorteil, Stockfish +0,30, gewonnen hätte Td4} Ra6 47. Qd8+ Kh7 48.
Rd4??? {also was sich hier abspielt ist einfach nicht mehr zu packen, die
nächste Wendung, ein absoluter Verlustzug, danach ist die Partie sofort
verloren, Stockfish -80,00, nötig ist entweder Dc8 oder Kh2} Ra1+ 49. Kh2
Nf4 50. Bxf4 Qf3 {Stockfish Matt in 28} 51. Rd1 Qxf2+ 52. Kh1 Qf3+ 53. Kg1
Rxd1+ 54. Qxd1 Qxd1+ {Rest geschenkt / Matt in 22} 0-1
[/pgn]
[pgn]

[Event "Turnier 40 / 120"]
[Site "Wien"]
[Date "2024.09.24"]
[Round "5"]
[White "Fidelity Designer 2325"]
[Black "Mephisto Berlin 68000"]
[Result "0-1"]
[BlackElo "2128"]
[WhiteElo "2114"]

{Analyse: ----> Stockfish 16} 1. d4 Nf6 2. c4 g6 3. Nc3 Bg7 4. e4 d6 5. g3
O-O 6. Bg2 e5 7. Nge2 {Buchende} Nc6 8. d5 {Buchbewertung Fidelity Designer
2325: +0,15} Nd4 {Buchende} 9. Nxd4 exd4 {Buchbewertung Mephisto Berlin
68000: +0,15 lt. Stockfish ist die Stellung etwa gleich} 10. Nb5 Nxe4 11.
O-O Re8 12. Re1 a6 13. Nxd4 Qf6 14. Be3 Bd7 15. Qc2 Nc5 16. b4 Ba4 17. Qd2
Ne4 {besser ist Sd7, Stockfish -0,90} 18. Qd3 Qe5 19. Rac1 Bd7?? {lt.
Stockfish bereits ein Verlustzug, -2,20, nötig ist De7} 20. f3?? {so aber
nicht, verspielt den Grossteil des Vorteiles, Stockfish +0,70, nötig ist
Se6} Nf6 21. Re2? {ein schlechter Zug, danach ist jeglicher Vorteil dahin,
Stockfish 0,00, nötig ist Lf2} Qh5 22. a3 {besser ist Lf2 mit Ausgleich,
Stockfish -0,30} a5 {besser ist b5, die Stellung ist im Lot, Stockfish
0,00} 23. bxa5 Rxa5 24. Bd2 {besser ist g4 mit Ausgleich, Stockfish -0,30}
Raa8 25. Rce1 Rxe2 26. Rxe2 b6 {besser ist c5 mit Ausgleich, Stockfish
-0,50} 27. Bb4 {besser ist g4, die Stellung ist im Lot} b5 28. Nxb5 Bxb5
29. cxb5 Nxd5 30. Qe4 Rb8 31. Bd2 {besser ist a4 mit Ausgleich, Stockfish
-0,30} Nf6 32. Qc4 Qxb5 33. Qxc7??? {ein absoluter Verlustzug, danach ist
die Partie sofort verloren, Stockfish -5,70, nötig ist Dxb5 mit minimalem
Vorteil für Schwarz mit ca. -0,30} Ne8? {weit schwächer als Sd5, reicht
aber aus zum Gewinn, Stockfish +3,50 (büsst aber etwa 2 Bauerneinheiten
ein).} 34. Qe7 Bf6 35. Qe4? {ganz schlecht, deutlich mehr Widerstand
leistet noch De3, Stockfish -4,70} d5 36. Qe3 Bd4 37. Qxd4 Qxe2 38. Bb4 Rc8
{besser ist Sg7, ändert aber auch nichts an der klaren Gewinnstellung von
Schwarz, Stockfish +4,20} 39. Bc3 Nf6 40. a4? {besser ist noch h4, rettet
aber auch nichts mehr, Stockfish -5,30} Qc2 41. Be1 Qc1 42. Qd2 Rc2 43.
Qxc1 Rxc1 44. Kf2 Rc2+ 45. Kg1 Nd7 46. f4 Nc5 47. Kf1 d4 48. Bf3 d3 49. Bb4
Nxa4 {Rest geschenkt} 0-1
[/pgn]
[pgn]

[Event "Turnier 40 / 120"]
[Site "Wien"]
[Date "2024.09.24"]
[Round "6"]
[White "Mephisto Berlin 68000"]
[Black "Fidelity Designer 2325"]
[Result "1-0"]
[BlackElo "2114"]
[WhiteElo "2128"]

{Analyse: ----> Stockfish 16} 1. c4 c5 2. Nf3 Nf6 3. g3 {Buchende} b6 4.
Bg2 Bb7 5. O-O {Buchzug / Buchende} g6 6. Nc3 {Buchbewertung Mephisto
Berlin 68000: +0,30} Bg7 {Buchende} 7. d3 O-O {Buchbewertung Fidelity
Designer 2325: -0,12 / lt. Stockfish ist die Stellung exakt im Lot 0,00} 8.
Bf4 d6 9. Qd2 Qd7 10. e4 Ng4 11. h3 Ne5 12. Nxe5? {ein schwacher Zug, klar
zu bevorzugen ist Sh4 mit Ausgleich, Stockfish -0,80} dxe5 13. Bg5 f6 14.
Be3 Nc6 15. b3 Rad8 16. Rad1 e6 17. Ne2 Qe7 18. a3 Nd4? {ein schwacher Zug,
danach ist die Stellung im Lot, deutlich besser ist Td7 mit ca. +1,00} 19.
Rb1 Qd6 20. Rfd1 Bc6 21. Nc3? {ein schlechter Zug, nötig ist Sxd4 mit
Ausgleich, Stockfish -1,30} Rf7? {ein schwacher Zug, der den Vorteil von
Schwarz etwa halbiert, Stockfish +0,70, deutlich besser ist f5} 22. b4
Rfd7? {immer noch ist f5 klar vorzuziehen, nach dem Textzug ist Schwarz nur
noch minimal im Vorteil mit ca. +0,20} 23. Rb2? {deutlich besser ist Da2,
Stockfish -1,00} Bb7? {ein schlechter Zug, danach ist die Stellung wieder
im Lot, nötig ist f5} 24. Rdb1 {besser ist Sb5 mit Ausgleich, Stockfish
-0,30} cxb4 {wieder ist f5 zu bevorzugen, Stockfish -0,30} 25. axb4 Nc6
{besser ist La8, Stockfish -0,80} 26. Bf1 {besser ist c5, nach dem Textzug
ist die Stellung wieder im Lot} Qf8 27. b5 Na5?? {Verlustzug, danach ist
die Partie bereits klar verloren, Stockfish -2,00, natürlich Sd4 mit
Ausgleich !} 28. Qc1? {ein schwacher Zug, der den Vorteil von Weiss etwa
halbiert, Stockfish +1,00, deutlich besser ist De1} Qd6??? {ein idiotischer
Zug, danach ist einfach alles aus, das braucht man nicht mehr grossartig zu
kommentieren, Stockfish -4,50, nötig ist f5} 29. c5 bxc5 30. Ra2 Qc7 31.
Qc2? {ein schlechter Zug, warum um Gottes Willen nicht Da3, wo soll dann
der Sa5 hin ?, dennoch steht Weiss klar auf Gewinn, Stockfish +3,30 (büsst
aber ca. 1,2 Bauerneinheiten ein)} Bc8 32. Rba1 Nb7 33. Rxa7 Qb8? {deutlich
besser ist noch Lf8, Stockfish -4,20} 34. Qb3? {deutlich schwächer als
T1a6, Stockfish +3,20} Qd6?? {völliger Schwachsinn, danach ist endgültig
alles aus, Stockfish -5,00, deutlich besser ist Tf7} 35. Be2? {gut hier
gewinnt schon jede halbwegs plausible Fortsetzung, dennoch völlig
unverständlich warum nicht T1a6, danach ist doch sofort der Bauer e6 weg,
ändert auch nichts an der klaren Gewinnstellung von Weiss, büsst aber ca.
1,5 Bauerneinheiten ein, Stockfish +3,50} Qe7 36. b6? {ein schlechter Zug,
der ca. 1,2 Bauerneinheiten einbüsst, Stockfish +2,30, deutlich besser ist
Sa4} Kh8? {klar zu bevorzugen ist f5, Stockfish -3,30} 37. Nb5 {besser ist
Sa4, Stockfish +3,00} f5 38. Kg2? {deutlich schwächer als Ta8, Stockfish
+2,00} f4 39. Bd2 Qf6 40. f3 Qg5?? {ein ganz schlechter Zug, danach ist die
Partie klar verloren, Stockfish -3,10, deutlich besser ist fxg3 mit ca.
-2,00} 41. g4 h6? {besser ist noch h5, Stockfish -3,80} 42. Be1 Kh7 43. Ra8
Rf7 44. Nc7 Qf6 45. R1a7 Nd6 46. Bf2 Bf8 47. Bxc5 Qh4 48. Bf2 Qf6 49. Qc3
Bg7 50. Qb4 Bf8 51. Qb3 Bg7 52. Be1 Bf8 53. Qc3 Bg7 54. Rb8 Bd7 55. Rxd8
Qxd8 56. Bf2 Bc8 {da ist bereits alles aus, Stockfish -5,50} 57. Bd1 Qf6
58. Qc6 Qd8 59. Bb3 Qd7 60. Qxd7 Bxd7 61. Bc5 Bf8 {Stockfish Matt in 22}
62. Bxe6 {richtig wäre Sxe6, aber alles egal hier, Stockfish +11,00} Nc8
63. Bxf7 Bxc5 64. Na6 Bd4 65. Rxd7 {Rest geschenkt} 1-0
[/pgn]
[pgn]

[Event "Turnier 40 / 120"]
[Site "Wien"]
[Date "2024.09.25"]
[Round "7"]
[White "Fidelity Designer 2325"]
[Black "Mephisto Berlin 68000"]
[Result "1-0"]
[BlackElo "2128"]
[WhiteElo "2114"]

{Analyse: ---> Stockfish 16} 1. Nc3 {Buchende} Nf6 2. e4 e5 3. Bc4
{Fidelity Designer 2325 wieder im Buch} Nc6 4. d3 Bb4 5. Nf3 d6 {Buchende}
6. O-O {Buchende} Bg4 {Buchbewertung Mephisto Berlin 68000: +0,09} 7. h3
{Buchbewertung Fidelity Designer 2325: +0,53 / lt. Stockfish steht Weiss
etwas besser mit ca. +0,40} Bh5 8. a3 Bc5 9. g4 Bg6 10. Na4 Bb6 11. Nxb6
axb6 12. Nh4 {danach ist die Partie lt. Stockfish bereits Remis mit der
Fortsetzung Sxe4, Sxg6, hxg6, dxe4, Txh3, Kg2, Dh4, Th1, Txh1, Dxh1, Dxg4+,
Kf1, Dd1+, Kg2, Dg4+ und Dauerschach das sind aber 15 HZ und für Mephisto
Berlin 68000 wohl nicht machbar.} Nd7 {Ja ist klar darauf kann er nicht
kommen, Stockfish -0,60} 13. Nxg6? {ein schwacher Zug, danach ist Schwarz
sogar schon leicht im Vorteil, nötig ist g5, Stockfish -0,20} hxg6 14. Qf3
Qf6 {etwas besser ist De7, nach dem Textzug ist die Stellung in Lot} 15.
Qxf6 Nxf6 16. Kg2 Ke7 17. f4 Nd7 18. Be3 f6 19. Bd5 exf4 20. Rxf4 g5 21.
Rf2 Rh7 22. d4 b5 23. Raf1 Nb6 24. Ba2 Nc4 25. Bxc4 bxc4 26. Bxg5 Rah8
{besser ist Kd7 mit Ausgleich, Stockfish -0,50} 27. Rxf6! {richtig} gxf6
28. Bxf6+ Kd7 29. Bxh8 Rxh8 30. c3 Nd8?? {lt. Stockfish bereits ein
Verlustzug, -2,00, nötig ist d5 mit minimalem Vorteil für Weiss} 31. Kg3
Re8 32. Rf4 Ne6 {etwas besser ist noch d5, Stockfish -2,50} 33. Rf5 {besser
ist Tf7+, Stockfish +2,10} c5?? {ein absoluter Verlustzug, danach ist die
Partie klar verloren, Stockfish -5,00, nötig ist Sd8} 34. d5 Ng7??
{beschleunigt nochmals den Untergang, Stockfish -8,00, deutlich besser ist
noch Sd8} 35. Rf7+ Re7 36. Rxe7+ Kxe7 37. Kf4 Ne8 38. g5 Kf7 39. h4 Kg6 40.
Kg4 Ng7 41. a4 b6 42. e5 dxe5 43. d6 Kf7 44. h5 Ne6 45. Kf5 Ng7+ 46. Kxe5
Nxh5 47. Kd5 {Stockfish Matt in 23} Ng7 48. g6+ Ke8 49. Kc6 Kd8 50. Kxb6
Kd7 51. a5 Kxd6 52. a6 Ke5 53. a7 Kf6 54. a8=Q {Rest geschenkt / Matt in
14} 1-0
[/pgn]
[pgn]